|
|
|
|
| LEADER |
00000nam0a2200000 4500 |
| 001 |
93095 |
| 005 |
20231031105028.0 |
| 035 |
|
|
|a (RuTPU)RU\TPU\book\99703
|
| 090 |
|
|
|a 93095
|
| 100 |
|
|
|a 20060324d1980 km y0rusy50 ca
|
| 101 |
0 |
|
|a rus
|
| 102 |
|
|
|a RU
|
| 105 |
|
|
|a a z 001zy
|
| 200 |
1 |
|
|a Оптимизация производства хлора. Диафрагменный метод
|f А. Л. Ротинян, В. П. Филатов, Г. В. Цибизов
|
| 210 |
|
|
|a Москва
|c Химия
|d 1980
|
| 215 |
|
|
|a 272 с.
|c ил.
|
| 320 |
|
|
|a Библиогр.: с. 265-270.
|
| 610 |
1 |
|
|a хлор
|
| 610 |
1 |
|
|a производство
|
| 610 |
1 |
|
|a каустическая сода
|
| 610 |
1 |
|
|a электролиз
|
| 610 |
1 |
|
|a расчет
|
| 610 |
1 |
|
|a оптимизация
|
| 675 |
|
|
|a 661.4
|v 3
|
| 700 |
|
1 |
|a Ротинян
|b А. Л.
|g Александр Леонидович
|
| 701 |
|
1 |
|a Филатов
|b В. П.
|g Виктор Петрович
|
| 701 |
|
1 |
|a Цибизов
|b Г. В.
|g Геннадий Владимирович
|
| 801 |
|
1 |
|a RU
|b 63413507
|c 20060324
|g PSBO
|
| 801 |
|
2 |
|a RU
|b 63413507
|c 20121019
|g PSBO
|
| 942 |
|
|
|c BK
|